[Event "London Chess Classic op 10th"]
[Site "London"]
[Date "2018.12.13"]
[Round "5"]
[White "Ganev, Gantcho"]
[Black "Sedykh, Stakhey"]
[Result "0-1"]
[WhiteElo "1634"]
[BlackElo "1302"]
[PlyCount "98"]
[EventDate "2018.12.09"]
[EventType "swiss"]
[EventRounds "5"]
[EventCountry "ENG"]
[SourceTitle "EXT 2021"]
[Source "ChessBase"]
[SourceDate "2020.10.23"]
[SourceVersion "1"]
[SourceVersionDate "2020.10.23"]
[SourceQuality "1"]

1. c4 e5 2. Nc3 Nc6 3. Nf3 g6 4. g3 Bg7 5. Bg2 f5 6. d3 Nf6 7. e4 d6 8. exf5 Bxf5 9. Nh4 Bd7 10. Bg5 0-0 11. Qd2 Qe8 12. Bh6 Bxh6 13. Qxh6 Ng4 14. Qc1 Nxf2 15. Be4 Nxh1 16. Qg5 Qe7 17. Qxe7 Nxe7 18. Bxh1 c6 19. Nf3 Bg4 20. Ng5 Bf5 21. 0-0-0 h6 22. Nge4 Bxe4 23. Nxe4 Rad8 24. d4 exd4 25. Rxd4 Rf1+ 26. Rd1 Rxd1+ 27. Kxd1 d5 28. cxd5 cxd5 29. Nc5 b6 30. Ne6 Rd6 31. Nd4 Nf5 32. Nb5 Rd7 33. Nc3 d4 34. Ne4 Kf7 35. Kd2 Nd6 36. Nf2 Nc4+ 37. Kc2 Ke6 38. Bf3 Ne5 39. Be2 Kd5 40. b3 Rf7 41. Nd3 Nxd3 42. Kxd3 Re7 43. Bf3+ Kc5 44. Be4 g5 45. g4 Rf7 46. Bf5 Kd5 47. b4 Re7 48. Bc8 Re3+ 49. Kd2 Ra3 0-1

[Event "London Chess Classic op 10th"]
[Site "London"]
[Date "2018.12.09"]
[Round "1"]
[White "Ganev, Gantcho"]
[Black "Watkins, Bridgette"]
[Result "1/2-1/2"]
[WhiteElo "1634"]
[BlackElo "1356"]
[PlyCount "88"]
[EventDate "2018.12.09"]
[EventType "swiss"]
[EventRounds "5"]
[EventCountry "ENG"]
[SourceTitle "EXT 2021"]
[Source "ChessBase"]
[SourceDate "2020.10.23"]
[SourceVersion "1"]
[SourceVersionDate "2020.10.23"]
[SourceQuality "1"]

1. b3 e5 2. e4 Nf6 3. Bb2 Nc6 4. Nf3 Bd6 5. Nc3 0-0 6. d3 Bb4 7. a3 Bxc3+ 8. Bxc3 Re8 9. Be2 d5 10. exd5 Nxd5 11. Bb2 Bf5 12. 0-0 b5 13. Re1 a6 14. Bf1 Qd6 15. Nh4 Qf6 16. g3 Qg5 17. Bg2 Bg4 18. Nf3 Qf6 19. h3 Bxf3 20. Bxf3 Rad8 21. Qe2 Re6 22. Bg4 Re7 23. Qe4 Nd4 24. Bxd4 exd4 25. Qf5 Qxf5 26. Bxf5 Rde8 27. Kf1 Nf6 28. g4 g6 29. Rxe7 Rxe7 30. Bc8 a5 31. Re1 Rxe1+ 32. Kxe1 b4 33. axb4 axb4 34. Bb7 Kf8 35. Ke2 Ke7 36. f4 h6 37. Kf3 g5 38. f5 Kd6 39. Ba6 c5 40. Bc4 Ke7 41. Kg3 Kf8 42. h4 Ke7 43. hxg5 hxg5 44. Kf3 Kf8 1/2-1/2